000 00676nam a2200181 a 4500
001 000038642
005 20201002031325.0
008 130417s1985 dr 000 0 spa d
040 _aDO-SdBNP
_bspa
_cBNPHU
100 1 _aSaéz, Miguel
_92988
245 1 0 _aCurso de introducción a la filosofía /
_cMiguel Sáez, Ángel Moreta, Lucitania Martínez.
260 _aSanto Domingo :
_bUniversidad Autónoma de Santo Domingo,
_c1985.
300 _av. ;
_c29 cm.
490 1 _aPublicaciones de Universidad Autónoma de Santo
_v447
700 1 _aMoreta, Ángel
_912142
700 1 _aMartínez, Lucitania
_964977
830 0 _aPublicaciones de Universidad Autónoma de Santo
_v447
_964978
999 _c38132
_d38132